000 00789nam a2200265Ia 4500
003 OSt
005 20221005073206.0
006 a|||||r|||| 00| 0
007 ta
008 221004b |||||||| |||| 00| 0 hin d
020 _a8179170187
_c125
024 _a81592
037 _b701, 30/03/2005, Manak Publication
_cTextual
040 _aCRL
_cCRL
_bhin
041 _2hin
_ahin
082 _aX:3M24xM18:g, 152P4
100 _aPlekhanov G. V.
245 0 _aMarxwaad ki mool samasyain tr by Girish Mishra
260 _aNew Delhi
_bGranth Shilpi India
_c2004
300 _a101p.
_ccm.
650 _a ECONOMICS
650 _aMARXISM
942 _hX:3M24xM18:g, 152P4
_cTEXL
_2cc
999 _c980756
_d980756